000
00305nam a22001337a 4500
008
171011b xxu||||| |||| 00| 0 eng d
020
_a
9780073528052
041
_a
eng
080
_a
316
100
_a
50
101
_a
SOC
245
_a
A BRIEF INTRODUCTION SOCIOLOGY
_c
SCHAEFER.R.T
942
_2
udc
_c
BK
999
_c
33088
_d
33088